| 000 | 00399nam a22001577a 4500 | ||
|---|---|---|---|
| 005 | 20250509080713.0 | ||
| 008 | 250509b |||||||| |||| 00| 0 eng d | ||
| 020 | _a9789551805074 | ||
| 082 |
_222 _a894 _bSIR |
||
| 100 | _aMaruthamuthu, Thana | ||
| 245 | _aSiragizhantha Kiligal | ||
| 260 |
_aHatton _bBakya Pathippagam _c2014 |
||
| 300 | _aXix, 50 p ., | ||
| 500 | _aCollection of Poems | ||
| 942 | _cL | ||
| 999 |
_c6044 _d6044 |
||